00228nam a2200073Ia 4500008004100000050002700041100002800068245005800096230915s9999 xx 000 0 und d aRM 263 .P433 2005 C.1  aSCHWINGHAMMER, TERTY L. 0aPHARMACOTHERAPY CASEBOOK: A PATIENT- FOCUSED APPROACH